| 000 | 00355nam a22001337a 4500 | ||
|---|---|---|---|
| 082 |
_a808.831 _bSAR _cP-1, P-47 |
||
| 100 |
_aSarkar, S.N _946891 |
||
| 245 |
_aFamous stories for children _cSarkar, S.N |
||
| 260 |
_aIndia _bDhingra |
||
| 300 |
_a24 p. _bill. _c25 cm |
||
| 526 |
_a0 _b0 _c0 _d808_831000000000000_SAR |
||
| 650 |
_aNUST _96342 |
||
| 942 |
_2ddc _cBK |
||
| 999 |
_c550166 _d550166 |
||